| 000 | 00817cam a2200253 a 4500 | ||
|---|---|---|---|
| 001 | 000014460 | ||
| 005 | 20200929163844.0 | ||
| 008 | 970423s1996 sp a 000 0 spa | ||
| 020 | _a8486575583 | ||
| 040 |
_aDO-SdBNP _bspa _cBNPHU |
||
| 082 |
_a306.7 _bS129s, 1996 |
||
| 100 | 1 |
_aSagrera, Martín. _920801 |
|
| 245 | 1 | 0 |
_aSexo, población y política : _bhechos e ideologías / _cMartín Sagrera. |
| 250 | _a3a ed. | ||
| 260 |
_aMadrid, España : _bA-Z Ediciones, _c1996. |
||
| 300 |
_a110 p. : _bil. ; _c24 cm. |
||
| 500 | _aTercera edición española | ||
| 650 | 4 |
_aSociología de la sexualidad _932647 |
|
| 650 | 4 |
_aControl natal _xAspecto social _932648 |
|
| 650 | 4 |
_aControl natal _xAspecto política _932649 |
|
| 650 | 4 |
_aSuperpoblación _932650 |
|
| 910 | _aCatalogación por copia / LC | ||
| 049 | _aBNGR | ||
| 999 |
_c14049 _d14049 |
||